000
00337nam a22001457a 4500
008
230502b ||||| |||| 00| 0 eng d
020
_a
9780765680839
041
_a
eng
080
_2
VOLUME ONE
_a
030
082
_a
030LEO
100
_a
44
101
_a
ENCIKLO
245
_a
LATINO HISTORY AND CULTURE
_c
LEONARD .J.D
942
_2
udc
_c
BK
999
_c
59645
_d
59645